[Event "St Petersburg Spring op"]
[Site "St Petersburg"]
[Date "2012.03.24"]
[Round "3"]
[White "Petrochenko, Maria"]
[Black "Savikovsky, Artem"]
[Result "0-1"]
[WhiteElo "1576"]
[BlackElo "1951"]
[PlyCount "74"]
[EventDate "2012.03.22"]
[EventType "swiss"]
[EventRounds "9"]
[EventCountry "RUS"]
[SourceTitle "EXT 2013"]
[Source "ChessBase"]
[SourceDate "2012.11.22"]
[SourceVersion "1"]
[SourceVersionDate "2012.11.22"]
[SourceQuality "1"]

1. d4 d5 2. c4 e6 3. Nc3 Be7 4. cxd5 exd5 5. Bf4 Nf6 6. e3 0-0 7. Bd3 c6 8. Qc2 Be6 9. Nge2 Nbd7 10. 0-0 h6 11. Rae1 Nh5 12. Bg3 Re8 13. Nf4 Nxf4 14. Bxf4 Bg5 15. Bxg5 Qxg5 16. f3 Nf6 17. e4 dxe4 18. Nxe4 Nxe4 19. Bxe4 Qf6 20. Rd1 Rad8 21. Qa4 a6 22. b3 Qg5 23. Qb4 Rd7 24. Qc3 Red8 25. Rd2 c5 26. Rfd1 b6 27. b4 f5 28. Bc6 Rxd4 29. Rxd4 cxd4 30. Qa3 d3 31. Qxa6 Qe3+ 32. Kh1 d2 33. Qf1 Bxa2 34. Bb5 Bb3 35. Bc4+ Bxc4 36. Qxc4+ Kh7 37. Qf1 Re8 0-1